000 00312nam a2200133Ia 4500
005 20260328104339.0
008 260328s9999||||xx |||||||||||||| ||und||
100 _aHald, Arthur
245 0 _aArtesania Artistica en Suecia /
_cArthur Hald
260 _b1958
300 _a66 p.
650 _aVIDRIO
942 _cBK
999 _c12018
_d12018